Mamma Mia - Statistics

General Stats
  • This quiz has been taken 173 times
  • The average score is 8 of 10
Answer Stats
Clues Answer % Correct
Owner of the Hotel, Meryl Streep, Lily James Donna Sheridan
99%
Swedish sailor and travel writer, Possible father of Number 2, Stellan Skarsgård Bill Anderson
96%
Daughter of Number 1, Sender of the letters, Amanda Seyfried Sophie Sheridan
96%
British Banker, Possible father of Number 2, Colin Firth Harry Bright
94%
Irish-American Architect, Possible father of Number 2, Pierce Brosnan Sam Carmichael
94%
Wealthy Friend of Number 1, Christina Baranski, Jessica Keenan Wynn Tanya Chesham-Leigh
85%
Husband of Number 2, Father of Donny, Dominic Cooper Sky Ramand
84%
Writer Friend of Number 1, Julie Walters, Alexa Davies Rosie Mulligan
82%
Mexican manager of the hotel, Lover of Number 9, Andy Garcia Señor Fernando Cienfuegos
58%
Famous Singer, Mother of Number 1, Cher Rubie Sheridan
12%
No matching quizzes found
Score Distribution
Percent of People with Each Score
Percentile by Number Answered
Your Score History
You have not taken this quiz